Jurisdição constitucional e liberdades públicas / (Record no. 2)

MARC details
000 -LÍDER
Campo Fixo de Controle 00895cam a2200277 a 4500
001 - NÚMERO DE CONTROLE
Campo de Controle 2
003 - IDENTIFICAÇÃO DO NÚMERO DE CONTROLE
Campo de Controle BR-CuiBMT
005 - DATA E HORA DA ÚLTIMA ATUALIZAÇÃO
Campo de Controle 20231025221858.0
008 - DADOS FIXOS
Dados Fixos 230707s2017 mgb 000 0 por d
020 ## - INTERNATIONAL STANDARD BOOK NUMBER
Nº do ISBN 9788545002376
040 ## - AGÊNCIA CATALOGADORA
Código da Agência Catalogadora BR-CuiBMT
Agência que transcreveu o registro BR-CuiBMT
080 ## - Nº DA CLASSIFICAÇÃO DECIMAL UNIVERSAL
Nº Class. CDU 342.7
Nº edição CDU 2007
090 ## - NÚMERO DE CHAMADA
Nº classificação 342.7
Cutter J95
245 00 - TÍTULO PRINCIPAL
Título principal Jurisdição constitucional e liberdades públicas /
Indicação de responsabilidade George Salomão Leite, Glauco Salomão Leite, Lenio Luiz Streck, coordenadores.
260 ## - PUBLICAÇÃO, DISTRIBUIÇÃO, ETC.
Local de publicação Belo Horizonte :
Editora Fórum,
Data 2017.
300 ## - DESCRIÇÃO FÍSICA
N. páginas ou volumes 423 p. ;
Dimensões 22 cm
504 ## - NOTA DE BIBLIOGRAFIA, ETC.
Nota de bibliografia Inclui bibliografia.
650 #0 - ASSUNTO TÓPICO
Cabeçalho tópico ou nome geográfico Direitos fundamentais
650 #0 - ASSUNTO TÓPICO
Cabeçalho tópico ou nome geográfico Controle de constitucionalidade
Subdivisão geral Direito constitucional
650 #0 - ASSUNTO TÓPICO
Cabeçalho tópico ou nome geográfico Direito constitucional
650 #0 - ASSUNTO TÓPICO
Cabeçalho tópico ou nome geográfico Direito civil
700 1# - ENTRADA SECUNDÁRIA -- NOME PESSOAL
Nome pessoal Leite, George Salomão
Cód. do termo explicativo coord.
700 1# - ENTRADA SECUNDÁRIA -- NOME PESSOAL
Nome pessoal Leite, Glauco Salomão
Cód. do termo explicativo coord.
700 1# - ENTRADA SECUNDÁRIA -- NOME PESSOAL
Nome pessoal Streck, Lenio Luiz
Cód. do termo explicativo coord.
942 ## - ELEMENTOS DE ENTRADA ADICIONAIS (KOHA)
Fonte de classificação ou esquema de arquivamento Classificação Decimal Universal
Tipo de item do Koha Livros
Holdings
Estado: removido Estado: perdido Fonte de classificação ou esquema de arquivamento Estado: danificado Indisponível para empréstimo Localização permanente Localização atual Data de aquisição Total Checkouts Total Renewals Número de Chamada completo Código de barras Date last seen Date last checked out Número do exemplar Preço efetivo a partir de Tipo de item (Koha)
    Classificação Decimal Universal     Biblioteca da Escola Superior de Contas do TCE/MT Biblioteca da Escola Superior de Contas do TCE/MT 28/07/2023 1 3 342.7 J95 BIBTCEMT23070002 26/09/2023 11/07/2023 Ex. 1 28/07/2023 Livros

Powered by Koha